Marketingová komunikácia podniku v oblasti kozmetického priemyslu bakalárska práca

Saved in:
Bibliographic Details
Main Author: Vendrinská, Natália
Corporate Author: Obchodná fakulta EU. Katedra marketingu
Other Authors: Nekolová, Veronika, 1984-
Format: Book
Language:Slovak
Published: Bratislava 2018
Tags: Add Tag
No Tags, Be the first to tag this record!

MARC

LEADER 00000nbm a2200000 4500
001 0245053
005 20180815092854.8
041 0 |a slo 
044 |a SK 
245 1 0 |a Marketingová komunikácia podniku v oblasti kozmetického priemyslu  |b bakalárska práca  |c Natália Vendrinská ; školiteľ: Veronika Nekolová 
264 1 |a Bratislava  |c 2018 
300 |a 52 s. 
100 1 |a Vendrinská, Natália 
700 1 |a Nekolová, Veronika, 1984- 
710 2 |a Obchodná fakulta EU. Katedra marketingu